Documento de la cuenta de albaceazgo de Don Manuel de la Borda (Record no. 4690)

MARC details
000 -CABECERA
campo de control de longitud fija 01369nam a2200313 a 4500
001 - NÚMERO DE CONTROL
campo de control BRCA_4996
005 - FECHA Y HORA DE LA ÚLTIMA TRANSACCIÓN
campo de control 20190320204908.0
008 - DATOS DE LONGITUD FIJA--INFORMACIÓN GENERAL
campo de control de longitud fija 281010m18021805mx-######v---#000-0#spa-#
041 ## - CÓDIGO DE LENGUA
Código de lengua del texto/banda sonora o título independiente spa
044 ## - CÓDIGO DEL PAÍS DE LA ENTIDAD EDITORA/PRODUCTORA
Código MARC del país mx
084 ## - OTRO NÚMERO DE CLASIFICACIÓN
Número de clasificación DOC87
Número de documento/Ítem .B67
-- 1802
100 1# - ENTRADA PRINCIPAL--NOMBRE DE PERSONA
Nombre de persona Borda, Manuel de la
9 (RLIN) 12729
245 10 - MENCIÓN DE TÍTULO
Título Documento de la cuenta de albaceazgo de Don Manuel de la Borda
Mención de responsabilidad, etc. Manuel de la Borda, María Matiana Velázquez, Marcos Antonio de Benazaluce.
260 ## - PUBLICACIÓN, DISTRIBUCIÓN, ETC.
Lugar de publicación, distribución, etc. México
Fecha de publicación, distribución, etc. 1802-1805
300 ## - DESCRIPCIÓN FÍSICA
Extensión [14] fojas
Dimensiones 30 x 21 cm
500 ## - NOTA GENERAL
Nota general Documento firmado el 31 de julio de 1805
500 ## - NOTA GENERAL
Nota general Deducción hecha de la cuenta de albaceazgo de Don Manuel de la Borda y Doña Matiana Velázquez, de la glosa, reparos y resultas. Año 1802. Firma Joaquín Romero de Caamaño
500 ## - NOTA GENERAL
Nota general El documento tiene la leyenda DOC. #247
500 ## - NOTA GENERAL
Nota general Papel con marca de agua
500 ## - NOTA GENERAL
Nota general Estado de conservación: Contiene rasgos de daño por polilla y acidificación
506 0# - NOTA DE RESTRICCIONES AL ACCESO
Limitaciones de acceso Fondo reservado: para su consulta es necesario credencial de usuario y carta de motivos
546 ## - NOTA DE LENGUA/LENGUAJE
Nota de lengua/lenguaje Texto en: español de principio del siglo XIX
600 14 - PUNTO DE ACCESO ADICIONAL DE MATERIA--NOMBRE DE PERSONA
Nombre de persona Borda, Manuel de la
9 (RLIN) 12729
651 #4 - PUNTO DE ACCESO ADICIONAL DE MATERIA--NOMBRE GEOGRÁFICO
Nombre geográfico México
Subdivisión de forma Manuscrito
Subdivisión general Historia
Subdivisión cronológica Colonia, 1521-1821
9 (RLIN) 12730
700 1# - PUNTO DE ACCESO ADICIONAL--NOMBRE DE PERSONA
Nombre de persona Velázquez, María Matiana
9 (RLIN) 12689
700 1# - PUNTO DE ACCESO ADICIONAL--NOMBRE DE PERSONA
Nombre de persona Benazaluce, Marcos Antonio
9 (RLIN) 12731
902 ## - CATALOGADOR
Iniciales FDH
942 ## - ELEMENTOS DE PUNTO DE ACCESO ADICIONAL (KOHA)
Fuente del sistema de clasificación o colocación Library of Congress Classification
Tipo de ítem Koha Documentos
Holdings
Estado de retiro Estado de pérdida Estado dañado No para préstamo Localización permanente Ubicación/localización actual Fecha de adquisición Total de préstamos Signatura topográfica completa Código de barras Fecha visto por última vez Precio válido a partir de Tipo de ítem Koha
El ejemplar forma parte de la colección y puede ser consultado según las políticas vigentes.       Biblioteca del Museo Franz Mayer (Rogerio Casas-Alatriste) Biblioteca del Museo Franz Mayer (Rogerio Casas-Alatriste) 28/10/2010   DOC87 .B67 1802 5080 22/03/2019 22/03/2019 Documentos